| 000 | 00501nam a22001817a 4500 | ||
|---|---|---|---|
| 005 | 20251108164920.0 | ||
| 008 | 250721s1995 xx 000 0 ara d | ||
| 082 | 1 | 4 | _a212/حجا |
| 100 | 1 | _aحجاب، سعد الدين | |
| 245 | 1 | 0 |
_aصفة الرحمن : _bتأملات في سورة الإخلاص / |
| 264 | _c1995. | ||
| 300 | _a48ص | ||
| 650 | 1 | 7 | _aالقرآن الكريم |
| 650 | 1 | 7 | _aتفسير القرآن |
| 650 | 1 | 7 | _aسور القرآن |
| 942 |
_2ddc _cBK |
||
| 999 |
_c17363 _d17363 |
||